The parent-child relation / (Record no. 57067)

MARC details
000 -LEADER
fixed length control field 00915nam a22002537a 4500
005 - DATE AND TIME OF LATEST TRANSACTION
control field 20110927154954.0
008 - FIXED-LENGTH DATA ELEMENTS--GENERAL INFORMATION
fixed length control field 110927t xxu||||| |||| 00| 0 eng d
010 ## - LCCN (DPL NO)
LC control number ENG-103858
020 ## - INTERNATIONAL STANDARD BOOK NUMBER
Terms of availability 350.00
International Standard Book Number 9789380847009
035 ## - SYSTEM CONTROL NUMBER
System control number EN-87391
037 ## - SOURCE OF ACQUISITION
Source of stock number/acquisition DBAD/PUB
040 ## - CATALOGING SOURCE
Original cataloging agency DPL
Language of cataloging Eng
082 ## - DEWEY DECIMAL CLASSIFICATION NUMBER
Classification number 646.78
100 ## - MAIN ENTRY--PERSONAL NAME
9 (RLIN) 34818
Personal name Bandrawal, Praveen Kumar
245 ## - TITLE STATEMENT
Title The parent-child relation /
Statement of responsibility, etc by Praveen Kumar Bandrawal
260 ## - PUBLICATION, DISTRIBUTION, ETC. (IMPRINT)
Place of publication, distribution, etc New Delhi
Name of publisher, distributor, etc Anurag Prakashan
Date of publication, distribution, etc 2011
270 ## - ADDRESS
Address 4760-61, IInd Floor, 23, Ansari Road, Daryaganj
City New Delhi
Postal code 110002
Telephone number 08555-287375
Fax number 287236
Electronic mail address enquiry@sssbpt.org
300 ## - PHYSICAL DESCRIPTION
Extent 183p.
Dimensions 22cm (Hb)
650 ## - SUBJECT ADDED ENTRY--TOPICAL TERM
9 (RLIN) 34827
651 ## - SUBJECT ADDED ENTRY--GEOGRAPHIC NAME
9 (RLIN) 34820
700 ## - ADDED ENTRY--PERSONAL NAME
9 (RLIN) 34830
942 ## - ADDED ENTRY ELEMENTS (KOHA)
Source of classification or shelving scheme Dewey Decimal Classification
Item type English Books
Call number suffix BAN
Classification part 646.78
Holdings
Withdrawn status Lost status Source of classification or shelving scheme Damaged status Not for loan Collection code Home library Current library Date acquired Source of acquisition Cost, normal purchase price Total Checkouts Full call number Barcode Date last seen Copy number Cost, replacement price Koha item type
    Dewey Decimal Classification   Not For Loan Non-fiction D.B.Act.Division D.B.Act.Division 27/09/2011 DBAD/PUB 350.00   646.78 BAN EN-87391 27/09/2011 1 350.00 English Books

© Delhi Public Library
Hit Counter
free hit counter